000 00911nam a22002057a 4500
999 _c8111
_d8111
003 AR-CdUCM
008 190322b ||||| |||| 00| 0 spa d
040 _aMUNICIPALIDAD PROVINCIAL DEL CUSCO
_cBIBLIOTECA MUNICIPAL DEL CUSCO
082 _a668.62 /
_bC71
100 _aCollings, Gilbeart Hooper,
_922902
245 _aFertilizantes comerciales :
_bSus fuentes sus usos /
260 _aBarcelona :
_bSalvat,
_c1958.
300 _a710 paginas ;
_bMapas plegables, Ilustraciones,
_c23 cm.
505 _aContenido : Origen y desarrollo de los fertilizantes comerciales -- Origen, producción y empleo del nitrato sódico -- Fabricación y empleo de los superfosfatos -- Principios que deben tenerse en cuenta en la compra de fertilizantes...
650 _aFertilizantes
_919426
650 _aFosfatos minerales
_922903
650 _aFertilizantes comerciales
_922904
942 _2ddc
_cLIBROS
945 _awnts